[Event "XXVII Belgrade Trophy"]
[Site "Obrenovac SRB"]
[Date "2013.11.27"]
[Round "4.26"]
[White "Rajcevic,S"]
[Black "Cvetanovic,U"]
[Result "0-1"]
[WhiteElo "2073"]
[BlackElo "2302"]

1.d4 Nf6 2.c4 e6 3.Nc3 Bb4 4.Nf3 Ne4 5.Qc2 f5 6.a3 Bxc3+ 7.bxc3 b6 8.e3 Bb7
9.Be2 O-O 10.Bb2 d6 11.c5 bxc5 12.c4 cxd4 13.Nxd4 Qe7 14.Bf3 Nd7 15.Nb5 Ndc5
16.O-O a6 17.Nc3 Rab8 18.Nxe4 fxe4 19.Bg4 Bc6 20.Rab1 Ba4 21.Qd2 Bb3 22.Be2 Nd3
23.Qc3 e5 24.Ba1 Nc5 25.Qd2 Qf7 26.Qc3 Ba4 27.Rxb8 Rxb8 28.f3 Rb3 29.Qd2 Bc6
30.f4 Qe7 31.fxe5 dxe5 32.Bc3 Qd6 33.Qc1 Nd3 34.Qd2 h6 35.Rd1 Qxa3 36.Bxe5 Nxe5
37.Qd8+ Kh7 38.Qxc7 Qc5 39.Ra1 Qxe3+ 40.Kh1  0-1

[Event "9th Ugra Governor's Cup"]
[Site "Khanty-Mansiysk RUS"]
[Date "2013.11.28"]
[Round "1.3"]
[White "Shomoev,A"]
[Black "Khismatullin,D"]
[Result "1/2-1/2"]
[WhiteElo "2560"]
[BlackElo "2674"]

1.d4 Nf6 2.c4 e6 3.Nc3 Bb4 4.Nf3 d6 5.Qc2 Nbd7 6.g3 b6 7.Bg2 Bb7 8.O-O O-O
9.Rd1 Qe7 10.Bf4 Bxc3 11.Qxc3 a5 12.b3 Rfe8 13.a3 e5 14.dxe5 Nxe5 15.Nxe5 Bxg2
16.Kxg2 dxe5 17.Bg5 Ne4 18.Bxe7 Nxc3 19.Rd7 Nxe2 20.Re1 Nd4 21.Rxe5 c5 22.Rb7 a4
23.bxa4 Nc6 24.Re1 h5 25.Kf1 Nxe7 26.Rexe7 Rxe7 27.Rxe7 Rxa4 28.Rb7 Rxa3
29.Rxb6 Rc3 30.Ke2 Rxc4 31.Kd3 Rd4+ 32.Ke3 g6 33.Rc6 Rd5 34.h3 Kg7 35.h4 Kf8
36.Rc7 Ke8 37.f3 Kf8 38.Ke4 Rd4+ 39.Ke3 Rc4 40.Kd3 Rc1 41.g4 g5 42.Kd2 Rc4
43.hxg5 hxg4 44.fxg4 Kg7 45.Rc6  1/2-1/2

[Event "2nd Hyderabad GM Open 2013"]
[Site "Hyderabad IND"]
[Date "2013.11.30"]
[Round "7.10"]
[White "Babujian,L"]
[Black "Shyam,N"]
[Result "1/2-1/2"]
[WhiteElo "2510"]
[BlackElo "2420"]

1.d4 Nf6 2.c4 e6 3.Nc3 Bb4 4.Nf3 d5 5.cxd5 exd5 6.Bg5 h6 7.Bh4 c5 8.dxc5 Nc6
9.e3 g5 10.Bg3 Ne4 11.Rc1 Qa5 12.Be2 Be6 13.O-O Bxc3 14.bxc3 Qxc5 15.Nd4 Nxg3
16.hxg3 O-O 17.Bd3 Nxd4 18.exd4 Qc8 19.f4 Bg4 20.Qb3 Qc6 21.fxg5 hxg5 22.Rce1 Rad8
23.Re7 b6 24.Qa3 a5 25.Re5 f6 26.Qc1 Qd7 27.Re3 Rde8  1/2-1/2

[Event "9th Ugra Governor's Cup"]
[Site "Khanty-Mansiysk RUS"]
[Date "2013.11.30"]
[Round "3.1"]
[White "Fedoseev,Vl3"]
[Black "Matlakov,M"]
[Result "1-0"]
[WhiteElo "2597"]
[BlackElo "2700"]

1.Nf3 Nf6 2.d4 e6 3.c4 Bb4+ 4.Nc3 d6 5.Qc2 Nbd7 6.g3 b6 7.Bg2 Bb7 8.O-O O-O
9.Rd1 Bxc3 10.Qxc3 Qe7 11.b3 Ne4 12.Qc2 f5 13.Ng5 Qf6 14.Nh3 Qe7 15.d5 a5
16.Nf4 Ndc5 17.dxe6 Nxe6 18.Nd5 Qf7 19.g4 Nxf2 20.Kxf2 c6 21.Nc3 fxg4+ 22.Kg1 Rae8
23.Rf1 Qh5 24.Be3 d5 25.cxd5 cxd5 26.Qd3 Qe5 27.Nxd5 Kh8 28.Bxb6 Ng5 29.Rxf8+ Rxf8
30.Rf1 Rxf1+ 31.Kxf1 h6 32.Bd4 Qd6 33.Qg3 Qf8+ 34.Qf4 Qa8 35.Qe5 Qf8+ 36.Ke1  1-0

[Event "Cultural Village 2013"]
[Site "Wijk aan Zee NED"]
[Date "2013.11.30"]
[Round "1.3"]
[White "Riemersma,L"]
[Black "Lai,Hing Ting"]
[Result "0-1"]
[WhiteElo "2443"]
[BlackElo "2169"]

1.d4 e6 2.c4 Nf6 3.Nc3 Bb4 4.Nf3 c5 5.g3 Ne4 6.Qd3 Qa5 7.Qxe4 Bxc3+ 8.Bd2 Bxd2+
9.Nxd2 O-O 10.Bg2 Nc6 11.dxc5 b6 12.Qe3 Bb7 13.O-O Qxc5 14.Qxc5 bxc5 15.Ne4 Ne5
16.Rfd1 Rfd8 17.b3 Bxe4 18.Bxe4 Rac8 19.Rd6 Kf8 20.f4 Ng4 21.Bf3 Nf6 22.Rad1 Ke7
23.e4 Rc7 24.e5 Ne8 25.Ra6 d6 26.exd6+ Nxd6 27.g4 Nc8 28.Rxd8 Kxd8 29.Kf2 Nb6
30.Ke3 Ke7 31.Be2 g6 32.g5 Nc8 33.a3 Nd6 34.Bd3 Rb7 35.Bc2 Nf5+ 36.Bxf5 exf5
37.b4 cxb4 38.axb4 Rxb4 39.Rxa7+ Ke6 40.Ra6+ Ke7 41.Kd4 Rb2 42.c5 Rxh2 43.Ra7+ Ke6
44.Ra6+ Ke7 45.Kd5 Rd2+ 46.Kc6 Rc2 47.Ra7+ Ke6 48.Ra8 Ke7 49.Ra3 f6 50.Re3+ Kf7
51.Kd6 Rd2+ 52.Kc7 fxg5 53.fxg5 f4 54.Rf3 Rd5 55.c6 Rxg5 56.Rxf4+ Ke6 57.Kd8 Rd5+
58.Kc8 Rc5 59.c7 g5 60.Rf1 h5 61.Kb7 g4 62.Rh1 Kd7 63.Rd1+ Ke7 64.Rh1 Kf6
65.Rxh5 Rxh5 66.c8=Q Kg5 67.Qd8+ Kf4 68.Qd2+ Kg3 69.Qe3+ Kh4 70.Qf2+ g3 71.Qf4+ Kh3
72.Qf3  0-1

[Event "Cultural Village 2013"]
[Site "Wijk aan Zee NED"]
[Date "2013.11.30"]
[Round "5.1"]
[White "Riemersma,L"]
[Black "Ris,R"]
[Result "1-0"]
[WhiteElo "2443"]
[BlackElo "2416"]

1.d4 Nf6 2.c4 e6 3.Nc3 Bb4 4.Nf3 b6 5.Bg5 h6 6.Bxf6 Qxf6 7.Qc2 Bb7 8.O-O-O O-O
9.e3 c5 10.Ne4 Qe7 11.d5 exd5 12.cxd5 c4 13.Nc3 Bxc3 14.Qxc3 b5 15.Nd4 b4
16.Nf5 Qg5 17.Qe5 f6 18.Ne7+ Kf7 19.Qc7 Ba6 20.d6 c3 21.Bxa6  1-0

[Event "9th Ugra Governor's Cup"]
[Site "Khanty-Mansiysk RUS"]
[Date "2013.12.04"]
[Round "7.8"]
[White "Maletin,P"]
[Black "Alekseev,Evgeny"]
[Result "0-1"]
[WhiteElo "2598"]
[BlackElo "2698"]

1.d4 Nf6 2.c4 e6 3.Nc3 Bb4 4.Nf3 d5 5.cxd5 exd5 6.Bg5 Nbd7 7.e3 h6 8.Bh4 g5
9.Bg3 Ne4 10.a3 Bxc3+ 11.bxc3 h5 12.h4 Nxg3 13.fxg3 g4 14.Ng1 Qe7 15.Qd2 Qd6
16.Qf2 Rh6 17.Qf4 Qc6 18.Rc1 Rf6 19.Qg5 Qd6 20.Ne2 Qxa3 21.Qxh5 Re6 22.Qg5 Nf6
23.h5 Ne4 24.Qg8+ Ke7 25.h6 Qb2 26.Rd1 b6  0-1

[Event "ch-IRI 2013"]
[Site "Tabriz IRI"]
[Date "2013.12.04"]
[Round "10.3"]
[White "Nasri,A"]
[Black "Idani,P"]
[Result "1/2-1/2"]
[WhiteElo "2320"]
[BlackElo "2483"]

1.d4 Nf6 2.c4 e6 3.Nc3 Bb4 4.Nf3 b6 5.Bg5 h6 6.Bh4 g5 7.Bg3 Ne4 8.Qc2 Bb7
9.e3 Bxc3+ 10.bxc3 d6 11.Bd3 Nxg3 12.hxg3 Nd7 13.Be4 Bxe4 14.Qxe4 Nf6 15.Qc6+ Ke7
16.a4 Qd7 17.Qxd7+ Kxd7 18.Nd2 a5 19.Ke2 h5 20.Rab1 Rab8 21.Rb5 c5 22.Rb2 Kc7
23.Kd3 Nd7 24.Rbb1 Rbg8 25.Rh3 f5 26.Rbh1 Nf6 27.e4 Rh7 28.Re1 Ng4 29.Re2 f4
30.f3 Ne3 31.Rh1 h4 32.d5 Rgh8 33.gxf4 gxf4 34.Nf1 Nxf1 35.Rxf1 e5 36.Rh1 h3
37.Rf2 Kd8 38.Rxh3 Rxh3 39.gxh3 Rxh3 40.Ke2 Ke7 41.Rg2 Rh1 42.Rg7+ Ke8 43.Rg6 Rh2+
44.Ke1 Kd7 45.Rg7+ Kc8 46.Rg6 Rc2 47.Rxd6 Rxc3 48.Rxb6 Rxf3 49.Rc6+ Kd7 50.Rxc5 Re3+
51.Kf2 Rxe4 52.Rc6 Rd4 53.Kf3 Rd3+ 54.Kf2 e4 55.Rf6 Rd2+ 56.Ke1 Rd4 57.c5 Rxd5
58.Rxf4 Rd4 59.Ke2 Rxa4 60.Ke3 Ra3+ 61.Kd4 e3 62.Kd5 e2 63.c6+ Kd8 64.Re4 Ra2
65.Kd6 Rd2+ 66.Kc5 Rc2+ 67.Kb5 a4 68.Kb4 Kc7 69.Re6 Ra2 70.Kb5 a3 71.Kb4  1/2-1/2

[Event "6th Kolkata Open"]
[Site "Kolkata IND"]
[Date "2013.12.07"]
[Round "2.9"]
[White "Babujian,L"]
[Black "Sagar,S"]
[Result "1-0"]
[WhiteElo "2512"]
[BlackElo "2346"]

1.d4 Nf6 2.c4 e6 3.Nc3 Bb4 4.Nf3 c5 5.g3 Bxc3+ 6.bxc3 Qa5 7.Bd2 b6 8.Bg2 Bb7
9.O-O O-O 10.d5 Qa6 11.Bg5 Ne4 12.Qb3 exd5 13.cxd5 c4 14.Qc2 f5 15.Rad1 Re8
16.Be3 Qa5 17.Nh4 Bxd5 18.Nxf5 Bc6 19.g4 Ba4 20.Qc1 Nxc3 21.Qb2 Qe5 22.Rd4  1-0

[Event "TCh-CZE Zapad 2013-14"]
[Site "Prague CZE"]
[Date "2013.12.08"]
[Round "4.2"]
[White "Tupy,M"]
[Black "Kourousis,E"]
[Result "0-1"]
[WhiteElo "2279"]
[BlackElo "2364"]

1.d4 Nf6 2.c4 e6 3.Nc3 Bb4 4.Nf3 b6 5.Bg5 h6 6.Bh4 Bb7 7.Nd2 Be7 8.Bg3 Nh5
9.e4 Nxg3 10.hxg3 d6 11.Qc2 Nd7 12.Be2 Bf6 13.Nf3 a6 14.Rd1 Qe7 15.O-O h5
16.b4 g5 17.e5 dxe5 18.dxe5 Nxe5 19.Nxe5 Bxe5 20.Qa4+ Kf8 21.Qb3 Qf6 22.Rd3 h4
23.g4 Qf4 24.Rh3 Rd8 25.Re1 Rd2 26.Nd1 Rh6 27.Kf1 Bd4 28.Bf3 Rf6 29.Ne3 e5
30.Rd1 Bxe3 31.fxe3 Rxd1+ 32.Qxd1 Qxe3  0-1

[Event "5th Penang Open 2013"]
[Site "George Town MAS"]
[Date "2013.12.09"]
[Round "1.11"]
[White "Udani,I"]
[Black "Ang,Zhen Yuan"]
[Result "1-0"]
[WhiteElo "2299"]
[BlackElo "1772"]

1.d4 Nf6 2.c4 e6 3.Nc3 Bb4 4.Nf3 Nc6 5.Qc2 b6 6.Bg5 h6 7.Bd2 Bxc3 8.Bxc3 Bb7
9.e4 d6 10.d5 Nb8 11.Bd3 e5 12.O-O O-O 13.b4 Nbd7 14.Nd2 Nh5 15.g3 Qg5 16.Kh1 Qg4
17.Qd1 Qh3 18.Qf3 Ba6 19.a4 Ndf6 20.Qg2 Nf4 21.Qxh3 Nxh3 22.Kg2 Bc8 23.f3 Nh5
24.Bc2 Bd7 25.Rfe1 Ng5 26.h4 Nh7 27.c5 a6 28.Nc4 b5 29.Ne3 Rfb8 30.c6 Bc8
31.Bd3 g5 32.hxg5 hxg5 33.Re2 N7f6 34.Rea2 bxa4 35.Rxa4 Rb6 36.b5 Kg7 37.R4a2 Rbb8
38.bxa6 Rb3 39.Ra3 Rxa3 40.Rxa3 Ra7 41.Be1 g4 42.Bf2 Ra8 43.a7 gxf3+ 44.Kxf3 Nh7
45.Ke2 Ng5 46.Nf5+ Kf6 47.Rb3 Nxe4 48.Bxe4 Bxf5 49.Bxf5 Kxf5 50.Rb8  1-0

[Event "Pavlodar Open 2013"]
[Site "Pavlodar KAZ"]
[Date "2013.12.11"]
[Round "3.26"]
[White "Mezentsev,Iv"]
[Black "Kuznetsov,E"]
[Result "1/2-1/2"]
[WhiteElo "1929"]
[BlackElo "2185"]

1.d4 Nf6 2.c4 e6 3.Nc3 Bb4 4.Nf3 O-O 5.Bg5 h6 6.Bxf6 Qxf6 7.e3 d6 8.Bd3 e5
9.O-O Bxc3 10.bxc3 Nc6 11.Rb1 Qe7 12.d5 Na5 13.Nd2 b6 14.e4 Qh4 15.Qc2 Qg5
16.Kh1 Bd7 17.Rbe1 f5 18.f4 exf4 19.Nf3 Qf6 20.e5 dxe5 21.Nxe5 Bc8 22.Rxf4 Re8
23.Qe2 Qg5 24.Rf3 Nb7 25.Rg3 Qf4 26.Rf3 Qg5 27.Qf1 Nd6 28.Rg3 Qh4 29.Rge3 Ne4
30.Ng6 Qg5 31.Nf4 Bd7 32.Bxe4 fxe4 33.Rxe4 Rxe4 34.Rxe4 Rf8 35.Qf3 Bf5 36.Re5 Bg4
37.Rxg5 Bxf3 38.Rxg7+ Kxg7 39.Ne6+ Kf6 40.Nxf8 Be2 41.c5 Ke7 42.Ng6+ Kf6
43.cxb6 axb6 44.Nf4 Bc4 45.a3 Ke5 46.g3 Ke4 47.Kg1 Ke3 48.Nh5 c6 49.Ng7 cxd5
50.Nf5+ Kd3 51.Nxh6 Kxc3 52.Kf2 d4 53.Nf5 Be6 54.Nd6 Kc2 55.Ke1 Bd5 56.Nf5 d3
57.Ne3+ Kc1 58.Nf1 Be6 59.Nd2 b5 60.h4 Bg4 61.Nb3+ Kc2 62.Nd4+ Kc1 63.Nb3+ Kc2
64.Nd4+ Kc1  1/2-1/2

[Event "Russian Cup Final 2013"]
[Site "Khanty-Mansiysk RUS"]
[Date "2013.12.13"]
[Round "1.4"]
[White "Maletin,P"]
[Black "Sjugirov,S"]
[Result "1/2-1/2"]
[WhiteElo "2598"]
[BlackElo "2641"]

1.d4 Nf6 2.c4 e6 3.Nc3 Bb4 4.Nf3 b6 5.e3 Bb7 6.Bd3 O-O 7.O-O c5 8.Na4 cxd4
9.exd4 Re8 10.Bf4 Bf8 11.Re1 d6 12.Nc3 Nbd7 13.h3 a6 14.a3 d5 15.cxd5 Nxd5
16.Bxh7+ Kxh7 17.Ng5+ Kg8 18.Qh5 N5f6 19.Qxf7+ Kh8 20.Qg6 Kg8 21.Qf7+ Kh8
22.Qg6 Kg8  1/2-1/2

[Event "ch-European Blitz 2013"]
[Site "Warsaw POL"]
[Date "2013.12.13"]
[Round "3.2"]
[White "Nedilko,V"]
[Black "Sargissian,G"]
[Result "0-1"]
[WhiteElo "2399"]
[BlackElo "2675"]

1.d4 Nf6 2.c4 e6 3.Nc3 Bb4 4.Nf3 b6 5.Bg5 Bb7 6.Nd2 Be7 7.e4 h6 8.Be3 d6
9.Be2 Nbd7 10.Qc2 a6 11.O-O O-O 12.Rad1 c6 13.f4 e5 14.fxe5 dxe5 15.d5 b5
16.cxb5 cxd5 17.exd5 axb5 18.Nde4 b4 19.Nxf6+ Nxf6 20.Nb5 Nxd5  0-1

[Event "Russian Cup Final 2013"]
[Site "Khanty-Mansiysk RUS"]
[Date "2013.12.14"]
[Round "2.1"]
[White "Fedoseev,Vl3"]
[Black "Aleksandrov,A"]
[Result "1-0"]
[WhiteElo "2601"]
[BlackElo "2586"]

1.d4 Nf6 2.c4 e6 3.Nc3 Bb4 4.Nf3 d5 5.Bg5 h6 6.Bxf6 Qxf6 7.Qa4+ Nc6 8.e3 O-O
9.Be2 dxc4 10.O-O Bd7 11.Bxc4 Bxc3 12.bxc3 Qe7 13.Be2 e5 14.Qb3 b6 15.Qc4 Rac8
16.Nd2 Na5 17.Qb4 c5 18.Qa3 Rfe8 19.d5 e4 20.c4 Qg5 21.Kh1 Rcd8 22.Rae1 Bf5
23.Rg1 h5 24.Nf1 Bg4 25.Nd2 Qh6 26.Nb3 Bxe2 27.Nxa5 Bg4 28.Nb3 Re7 29.Qb2 Rd6
30.Nd2 Rf6 31.Ref1 Rg6 32.Qc2 Be2 33.Nxe4 Bxf1 34.Rxf1 h4 35.f4 h3 36.g3 Qh5
37.d6 Re8 38.f5 Rh6 39.Qd3 Rd8 40.Rf4 g5 41.Rf2 f6 42.Kg1 Qf7 43.Qc3 Kf8
44.Rd2 Qd7 45.Rd5 Qc6 46.Kf2 Kf7 47.Ke1 Rd7 48.a3 Qc8 49.Nf2 Qd8 50.Ng4 Rh8
51.Qd3 Re8 52.e4 Kf8 53.Kf2 Rf7 54.e5 fxe5 55.Nxe5 Rxe5 56.Rxe5 Qf6 57.Qe3 Kg7
58.Rd5 Qb2+ 59.Qe2 Qb1 60.Qe5+ Kh7 61.d7 Qc2+ 62.Kf3  1-0

[Event "Russian Cup Final 2013"]
[Site "Khanty-Mansiysk RUS"]
[Date "2013.12.16"]
[Round "3.1"]
[White "Fedoseev,Vl3"]
[Black "Savchenko,B"]
[Result "1-0"]
[WhiteElo "2601"]
[BlackElo "2602"]

1.d4 e6 2.c4 Nf6 3.Nc3 Bb4 4.Nf3 Nc6 5.Qc2 a5 6.e3 O-O 7.Bd2 b6 8.Be2 Re8
9.O-O d6 10.a3 Bxc3 11.Bxc3 a4 12.d5 Nb8 13.dxe6 fxe6 14.Ng5 Qe7 15.f4 Bb7
16.e4 Nbd7 17.Rad1 e5 18.c5 h6 19.cxd6 cxd6 20.Bc4+ d5 21.Bb4 Qd8 22.exd5 b5
23.Ba2 hxg5 24.fxg5 Nh7 25.g6 Qb6+ 26.Kh1 Nhf6 27.d6+ Kf8 28.Rd3 Rec8 29.Rh3  1-0

[Event "Al-Ain Classic Open A 2013"]
[Site "Al-Ain UAE"]
[Date "2013.12.21"]
[Round "3.26"]
[White "Babujian,L"]
[Black "Dauletova,G"]
[Result "1-0"]
[WhiteElo "2512"]
[BlackElo "2214"]

1.d4 Nf6 2.c4 e6 3.Nc3 Bb4 4.Nf3 d5 5.Bg5 h6 6.Bxf6 Qxf6 7.e3 c5 8.cxd5 exd5
9.Bb5+ Nc6 10.O-O Bxc3 11.bxc3 cxd4 12.Qxd4 Qxd4 13.Bxc6+ bxc6 14.cxd4 f6
15.Rab1 Ba6 16.Rfc1 Kd7 17.Nd2 Rab8 18.Nb3 Kd6 19.f3 Bd3 20.Rb2 Rhc8 21.Rd2 Bg6
22.Kf2 Rb6 23.g4 Re8 24.h4 Rh8 25.h5 Bh7 26.Rc3 Rf8 27.Rd1 Ra6 28.Rd2 f5
29.Kg3 fxg4 30.Kxg4 Ra3 31.Rb2 a5 32.Rc5 Rb8 33.Rg2 a4 34.Na5 Rxe3 35.Rxc6+ Kd7
36.Rc5 Ke6 37.Kf4 Re1 38.Rc6+ Kf7 39.Rc7+ Kf8 40.Rcxg7 Ra8 41.Nc6 Re6 42.Rc7 Bb1
43.Rb2 Ree8 44.Rcb7 Bd3 45.Ne5 Bc4 46.Rf7+ Kg8 47.Rg2+ Kh8 48.Rgg7 Rxe5 49.dxe5 Bxa2
50.e6 d4 51.Rh7+  1-0

[Event "Al-Ain Classic Open A 2013"]
[Site "Al-Ain UAE"]
[Date "2013.12.23"]
[Round "5.20"]
[White "Kanter,E"]
[Black "Andreev,Ed UKR"]
[Result "0-1"]
[WhiteElo "2406"]
[BlackElo "2508"]

1.d4 Nf6 2.c4 e6 3.Nc3 Bb4 4.Nf3 b6 5.Qb3 a5 6.Bg5 h6 7.Bh4 Bb7 8.e3 g5 9.Bg3 Ne4
10.O-O-O Bxc3 11.bxc3 d6 12.Nd2 Nxg3 13.hxg3 Nd7 14.f3 Qe7 15.Bd3 O-O-O 16.g4 Nf6
17.Qb5 h5 18.gxh5 Nxh5 19.g4 Ng7 20.Be4 d5 21.Bd3 dxc4 22.Bxc4 Rh4 23.Rxh4 gxh4
24.Qe5 Qa3+ 25.Kc2 Ne8 26.Nb1 Qa4+ 27.Bb3 Qc6 28.Nd2 Nd6 29.a4 Ba6 30.e4 b5
31.Qc5 Qxc5 32.dxc5 Nb7 33.Rh1 bxa4 34.Ba2 Rh8 35.Nc4 Bxc4 36.Bxc4 Nxc5 37.g5 Kd7
38.e5 Ke7 39.Kb2 Nd7 40.f4 Nb6 41.Bd3 h3 42.f5 exf5 43.Bxf5 h2 44.g6 fxg6
45.Bxg6 Nc4+ 46.Ka2 Rh4 47.Bd3 Nxe5 48.Be2 Kf6 49.Ka3 Kg5 50.Bf1 Ng4 51.Bg2 Ne3
52.Bb7 Nc4+ 53.Ka2 Nd6 54.Bc6 Nf5 55.Ka3 Ng3 56.Re1 Rc4 57.Bg2 Rxc3+ 58.Kxa4 Rc2  0-1

[Event "PanAm Intercollegiate 2013"]
[Site "Lubbock USA"]
[Date "2013.12.27"]
[Round "1.2"]
[White "Moradiabadi,E"]
[Black "De la Parra Hurtado,D"]
[Result "1-0"]
[WhiteElo "2571"]
[BlackElo "1988"]

1.d4 Nf6 2.c4 e6 3.Nf3 Bb4+ 4.Nc3 O-O 5.Bg5 d5 6.cxd5 exd5 7.e3 c6 8.Bd3 Bg4
9.Qc2 Nbd7 10.Bxh7+ Kh8 11.Ne5 Be6 12.Bf5 Qe7 13.O-O Bxf5 14.Qxf5 Kg8 15.Ne2 Qe6
16.Qxe6 fxe6 17.Nd3 Bd6 18.Bf4 Be7 19.h3 Ne4 20.f3 Nd6 21.b3 Rae8 22.g4 Nf7
23.Bg3 Ng5 24.Kg2 Bf6 25.Nef4 Nh7 26.h4 g5 27.Ng6 Rf7 28.h5 Nhf8 29.Nxf8 Nxf8
30.Be5 Nd7 31.Bxf6 Nxf6 32.Ne5 Rg7 33.Kh3 Rf8 34.f4 Ne4 35.fxg5 Nxg5+ 36.Kh4 Nf7
37.Rf6 Re8 38.h6 Rh7 39.Kh5 Nd6 40.Raf1  1-0

[Event "51st Groningen Open A 2013"]
[Site "Groningen NED"]
[Date "2013.12.28"]
[Round "7.8"]
[White "Greenfeld,A"]
[Black "Danielian,E"]
[Result "1-0"]
[WhiteElo "2531"]
[BlackElo "2462"]

1.d4 Nf6 2.c4 e6 3.Nf3 Bb4+ 4.Nc3 d5 5.cxd5 exd5 6.Bg5 h6 7.Bh4 c5 8.e3 c4
9.Nd2 Be6 10.Be2 O-O 11.O-O Nc6 12.f4 Be7 13.f5 Bc8 14.b3 cxb3 15.Qxb3 Re8
16.Rae1 a6 17.Kh1 Na5 18.Qb1 b5 19.Bf3 Bb7 20.e4 Rc8 21.e5 Rxc3 22.exf6 gxf6
23.Re2 Bc6 24.Rfe1 Kg7 25.Nf1 Bd6 26.Rxe8 Bxe8 27.Ne3 Rxe3 28.Rxe3 Nc4 29.Re2 Bc6
30.Qd3 Qa5 31.Bh5 Qa3 32.Qf3 Qxf3 33.gxf3 b4 34.Rg2+ Kf8 35.Bxf6 Bf4 36.Rg7 Nd6
37.Rh7 Ke8 38.Be5 Bxe5 39.dxe5 Nxf5 40.e6 Ke7 41.exf7 Nd6 42.Rxh6  1-0

[Event "PanAm Intercollegiate 2013"]
[Site "Lubbock USA"]
[Date "2013.12.28"]
[Round "2.2"]
[White "Banawa,Jou"]
[Black "Moradiabadi,E"]
[Result "0-1"]
[WhiteElo "2301"]
[BlackElo "2571"]

1.d4 Nf6 2.c4 e6 3.Nc3 Bb4 4.Nf3 b6 5.Bg5 Bb7 6.Nd2 h6 7.Bh4 Nc6 8.d5 Ne5
9.e4 O-O 10.Bg3 d6 11.f4 Ned7 12.Qf3 exd5 13.cxd5 c6 14.dxc6 Bxc6 15.Bd3 Nc5
16.O-O d5 17.e5 d4 18.Qxc6 dxc3 19.exf6 Rc8 20.Qf3 cxb2 21.Rab1 Qxd3 22.Qg4 Qd4+
23.Kh1 Qxf6 24.Nc4 Ne4 25.Ne5 Nd2 26.Nd7 Qg6 27.Qxg6 fxg6 28.Rxb2 Nxf1 29.Nxf8 Rc1  0-1

[Event "23rd North American Open 2013"]
[Site "Las Vegas USA"]
[Date "2013.12.29"]
[Round "7.17"]
[White "Sapozhnikov,R"]
[Black "Christiansen,L"]
[Result "1-0"]
[WhiteElo "2293"]
[BlackElo "2582"]

1.d4 Nf6 2.c4 e6 3.Nc3 Bb4 4.Nf3 c5 5.e3 O-O 6.Bd3 b6 7.O-O Bb7 8.a3 Bxc3
9.bxc3 Be4 10.Be2 Nc6 11.Ng5 Bg6 12.f3 d5 13.Bd2 cxd4 14.cxd4 dxc4 15.Bxc4 Nxd4
16.Rc1 b5 17.Ba2 Nf5 18.Qe2 Qb6 19.g4 Nd6 20.h4 h6 21.Nh3 Nc4 22.Nf4 Nd5
23.Nxg6 fxg6 24.Bxc4 bxc4 25.Rxc4 Rad8 26.Rf2 Qd6 27.f4 Qxa3 28.Bc1 Qe7 29.g5 h5
30.Qc2 Kh7 31.Qe4 Nb6 32.Rc6 Rfe8 33.Rfc2 Rd1+ 34.Kh2 Nd5 35.Qf3 Rd3 36.Qe4 Rb3
37.Qe5 Qd7 38.Rc7 Nxc7 39.Rxc7 Qxc7 40.Qxc7 Reb8 41.Kg3 R8b7 42.Qe5 R7b6
43.Bd2 Rc6 44.Kf3 a6 45.Qe4 Rd6 46.Bb4 Rd1 47.Bc5 Rf1+ 48.Ke2 Rbb1 49.Qe5 Rbe1+
50.Kd3 Rd1+ 51.Ke4 Rd5 52.Qc3 Rb1 53.Bd4 Rb7 54.Qc6 Rdd7 55.Qxa6 Re7 56.Be5 Rb4+
57.Kf3 Rbb7 58.Bd6 Red7 59.Qc6 Ra7 60.Ke4 Rdb7 61.Ke5 Rb3 62.Bc5 Ra5 63.Kxe6 Rc3
64.Kd6 Ra2 65.Qb7  1-0

[Event "6th Marseille Open 2013"]
[Site "Marseille FRA"]
[Date "2013.12.29"]
[Round "8.3"]
[White "Petkov,V"]
[Black "Nikolov,Mo"]
[Result "1-0"]
[WhiteElo "2558"]
[BlackElo "2529"]

1.d4 Nf6 2.c4 e6 3.Nc3 Bb4 4.Nf3 b6 5.Qb3 c5 6.Bg5 h6 7.Bh4 Nc6 8.d5 Na5
9.Qc2 Nxc4 10.O-O-O g5 11.Bg3 exd5 12.Nxd5 Nxd5 13.Qxc4 Ne7 14.Bd6 Bb7 15.Ne5 Rf8  1-0

[Event "Rilton Cup 2013-14"]
[Site "Stockholm SWE"]
[Date "2014.01.01"]
[Round "5.27"]
[White "Johansen,St"]
[Black "Lissang,C"]
[Result "0-1"]
[WhiteElo "2079"]
[BlackElo "2240"]

1.d4 Nf6 2.c4 e6 3.Nf3 Bb4+ 4.Nc3 d5 5.Qc2 dxc4 6.Bg5 c5 7.Rd1 cxd4 8.Rxd4 Qa5
9.Rxc4 Nc6 10.Bxf6 gxf6 11.a3 Be7 12.e3 Bd7 13.Be2 b5 14.Rh4 f5 15.Rh5 b4
16.axb4 Nxb4 17.Qb1 Nd5 18.O-O Nf6 19.Rg5 Ng4 20.Rd1 Bxg5 21.Nxg5 Bc6 22.Rd6 Qe5
23.Bxg4 Qxd6 24.Bh5 O-O 25.e4 f6 26.Nh3 fxe4 27.Nxe4 Qe5 28.Bf3 Rab8 29.Nxf6+ Rxf6
30.Bxc6 Qxb2 31.Qf1 Qb1  0-1

[Event "2nd Gurgaon Open 2014"]
[Site "Gurgaon IND"]
[Date "2014.01.04"]
[Round "6.9"]
[White "Abhishek,K"]
[Black "Swayams,M"]
[Result "0-1"]
[WhiteElo "2277"]
[BlackElo "2426"]

1.d4 Nf6 2.c4 e6 3.Nc3 Bb4 4.Nf3 b6 5.Qb3 c5 6.Bg5 Nc6 7.d5 Na5 8.Qc2 h6
9.Bh4 Nxc4 10.e4 Nxb2 11.a3 Ba5 12.Nd2 g5 13.Bg3 exd5 14.e5 O-O 15.Qxb2 d4
16.Ncb1 Re8 17.Be2 Ne4 18.O-O Bc3 19.Qa2 Nxd2 20.Nxd2 Bxa1 21.Bh5 d5 22.exd6 Qf6
23.Rxa1 Be6 24.Qb2 Bd5 25.Bf3 Qe6 26.Bxd5 Qxd5 27.Qb5 Re6 28.Qc4 Qxc4 29.Nxc4 f5
30.f4 b5 31.Na5 Rxd6 32.fxg5 Ra6 33.Nb7 c4 34.Nd6 hxg5 35.Nxb5 Rd8 36.Bf2 d3
37.Kf1 Rb8 38.Nd4 Rxa3 39.Rd1 c3 40.Rxd3 c2 41.Nxc2 Rxd3 42.Ne1 Rd1 43.g3 Kf7
44.h4 g4 45.Bxa7 Rb2 46.Bf2 Ra2 47.Be3  0-1

[Event "Bay Area International 2014"]
[Site "Santa Clara USA"]
[Date "2014.01.04"]
[Round "4.6"]
[White "Shankland,S"]
[Black "Bregadze,L"]
[Result "1-0"]
[WhiteElo "2602"]
[BlackElo "2417"]

1.d4 Nf6 2.c4 e6 3.Nf3 Bb4+ 4.Nc3 O-O 5.Bg5 c5 6.e3 h6 7.Bh4 cxd4 8.exd4 d5
9.Bd3 dxc4 10.Bxc4 Nc6 11.O-O Be7 12.a3 b6 13.Qd3 Bb7 14.Rad1 Nh5 15.Bg3 Nxg3
16.hxg3 Bf6 17.d5 Na5 18.dxe6 Nxc4 19.exf7+ Rxf7 20.Qxc4 Qc8 21.Qb3 Bxc3
22.bxc3 Qf5 23.Ne5 Qxe5 24.Rd7 Qe8 25.Rxb7 Kf8 26.Qd5 Rc8 27.Rd1 Rxb7 28.Qxb7 Rxc3
29.Qxa7 Rc6 30.Qa4 Re6 31.Qb4+ Kg8 32.Rd4 Re1+ 33.Kh2 Qh5+ 34.Rh4 Qd1 35.g4 Rh1+
36.Kg3 Qd3+ 37.f3 Rb1 38.Qe7 Rb2 39.Qe8+ Kh7 40.Rxh6+  1-0

[Event "2nd Gurgaon Open 2014"]
[Site "Gurgaon IND"]
[Date "2014.01.05"]
[Round "7.7"]
[White "Karthik,V4"]
[Black "Shyam,N"]
[Result "1/2-1/2"]
[WhiteElo "2179"]
[BlackElo "2424"]

1.d4 Nf6 2.c4 e6 3.Nc3 Bb4 4.Nf3 O-O 5.g3 d5 6.Bg2 dxc4 7.O-O Nc6 8.Bg5 Rb8
9.e3 h6 10.Bxf6 Qxf6 11.Nd2 Na5 12.Qa4 Qe7 13.a3 Bxc3 14.bxc3 b6 15.Rfd1 c5
16.d5 exd5 17.Bxd5 Bg4 18.Re1 Bd7 19.Qc2 Be6 20.e4 Qd7 21.Bxe6 Qxe6 22.Nf1 Rfe8
23.Rad1 b5 24.Rd5 Nb7 25.Rb1 a6 26.f3 Rbd8 27.Ne3 Rxd5 28.Nxd5 Qc6 29.g4 Nd8
30.a4 Nb7 31.axb5 axb5 32.Qa2 Kh8 33.Qa7 Nd6 34.Qc7 Qxc7 35.Nxc7 Rc8 36.e5 Rxc7
37.exd6 Rb7 38.Kf2 b4  1/2-1/2